01702nam a2200445 i 450000100060000000300080000600500170001400600190003100700150005000800410006502000180010602000270012403500230015103500240017403500250019803500220022304000310024505000250027608000160030108200200031710000220033724501930035926400390055230000550059133600310064633700330067733800430071049000220075350400430077558801260081865000380094465000370098265000180101965000190103765500270105670000430108370000450112683000230117185600620119453743FlNmELB20241216232511.0m o d | cr cnu||||||||150128s2012 sp a ob 000 0 spa d a9788497884884 a9788490296240 (e book) a(MiAaPQ)EBC3207930 a(Au-PeEL)EBL3207930 a(CaPaEBR)ebr10647194 a(OCoLC)1010577051 aFINmELBbspaerdacFINmELB 4aHN590.B3bS9414 2012 a316.34(460)0 a305.50946722231 aSubirats, Marina.10aBarcelona :bde la necesidad a la libertad : las clases sociales en los albores del siglo XXI /cMarina Subirats, con la colaboración de Pedro López Roldán, Cristina Sánchez Miret. 1aBarcelona :bEditorial UOC,c2012. a1 recurso en línea (437 páginas) :bgráficos atextobtxt2rdacontent/spa acomputadorabc2rdamedia/spa arecurso en líneabcr2rdacarrier/spa1 aSociedad red ;v8 aContiene referencias bibliográficas. aDescripción basada en recurso en línea; Título de la página del título en PDF (e-libro, visto Januar 28, 2015). 0aSocial classeszSpainzBarcelona. 0aSocial changezSpainzCatalonia. 4aClase social. 4aCambio social. 4aLibros electrónicos.1 aLópez Roldán, Pedro,ecolaborador.1 aSánchez Miret, Cristina,ecolaborador. 0aSociedad red ;v8.40uhttps://elibro.net/ereader/politecnicointernacional/56587